Регионална библиотека "Любен Каравелов" - Русе

История на световната литература, разказана за деца (Запис номер 5271)

MARC детайли
000 -Лидер
Контролно поле с фиксирана дължина 01894nam a2200385 c 4500
003 - Код на организацията, давaща контролен номер
Контролно поле BLK
005 - Дата и час на последна редакция
Контролно поле 20240706115928.0
008 - Елементи от данни с фиксирана дължина
fixed length control field 180412b bul|||||r ||||||| ||bul||
010 ## - Наследен системен номер
LC control number KNG00006456000
040 ## - Източник на каталожния запис
Идентификатор на билиотеката - собственик на записа BLK
041 ## - Код за език
Код за езика на текст/звукозапис или на отделно заглавие Български
Код за езика КДБФ Български
080 ## - УДК
Текстов определител УДК Литература на отделни езици и езикови семейства
УДК код - определител по УДК 821
УДК определител (091)
УДК - код + определител 821(091)
080 ## - УДК
Текстов определител УДК ?Класически литератури
УДК код - определител по УДК 87
УДК определител (091)
УДК - код + определител 87(091)
100 1# - Редна дума - Автор
Автор Янев, Владимир Атанасов
Авторска отговорност първи автор
R(LIN) 363589
139 ## - Редно поле
Редна дума Янев, Владимир Атанасов
Авторски знак Яне - Я 54
245 10 - Сведения за заглавието
Заглавие История на световната литература, разказана за деца
Подзаглавни данни Т. 1 -
Редно поле (дума) Владимир Атанасов Янев.
Том Т. 1
Заглавие на том История на античната литература, разказана за деца
257 ## - Страна на издаване
Страна на създаване/издаване България
260 ## - Област на издателските данни
Място на издаване, разпространение и проч. София
Име на издателя, разпространителя и проч. Библ. 48
Година на издаване 1995 -
300 ## - Физическа характеристика
Размери/Мащаб 24 см
380 ## - Жанр
Жанр Детска отраслова лит.
500 ## - Общи забележки
Забележка Офс. изд.
650 #4 - Допълнително описание по предмет – тема
Основно описание – тема или топоним Литература - история
9 (RLIN) 249855
650 #4 - Допълнително описание по предмет – тема
Основно описание – тема или топоним Литература, антична - митологични образи и сюжети
9 (RLIN) 249856
653 ## - Ключова дума – ненормативна
Ключова дума литература
653 ## - Ключова дума – ненормативна
Ключова дума антична литература
653 ## - Ключова дума – ненормативна
Ключова дума история на литературата
760 1# - Описание на основната серия
Редна дума на основното описание Янев, Владимир Атанасов
Място на издаване, издател и година 1995
Страници - том 156 с. : с ил.
Забележка - том Кор. загл. История на античната литература, преразказана за деца. - 3 000 тир.
Заглавие Т. 1 История на античната литература, разказана за деца
852 ## - Местоположение
Форматна сигнатура Цб 219763
856 4# - Електронен адрес и достъп
Електронен формат pdf - файл
Път до файла /url/
856 4# - Електронен адрес и достъп
Електронен формат pdf - файл
Път до файла /url/
999 ## - СИСТЕМНИ КОНТРОЛНИ НОМЕРА
Koha biblionumber 5271
Koha biblioitemnumber 5271
942 ## - АРТИКУЛИ
Вид на библиотечния материал Книги
Скрит в OPAC Не
Периодичен библиозапис Да
Koha issues (borrowed), all copies 1
944 ## - СЪЗДАВАНЕ И РЕДАКЦИЯ на ЗАПИСА
Създаване/Редакция Създаване
Дата на регистрацията/редакция 13.05.2003
Статус, дата на статуса Вася Ганчева
Служител, извършил регистрацията/редакцията 30549
944 ## - СЪЗДАВАНЕ И РЕДАКЦИЯ на ЗАПИСА
Създаване/Редакция Редакция
Дата на регистрацията/редакция 14.08.2013
Статус, дата на статуса ф /
999 ## - СИСТЕМНИ КОНТРОЛНИ НОМЕРА
Koha biblioitemnumber 5271
Наличности
Код за отписване Код за изгубен артикул Източник на класификационната схема Код за повреда Коз за рестрикции Код за отдаване Артикулен № Име на библиотеката - собственик Име на библиотеката, в която се намира в момента Статус (Текущо местоположение) Дата на вписване в системата Местоположение - отдел Цена в лева Инвентарен номер Систематично азбучна сигнатура Баркод Номер на екземпляра Цена в евро Служебна бележка Служебен тип на артикула
  Не е изгубен Universal Decimal Classification Не е повреден без рестрикции ползва се в читалня 9345 Регионална библиотека "Любен Каравелов" Русе Регионална библиотека "Любен Каравелов" Русе Хранилище 2001-01-01 Хранилище 1.13 611263 Цб 219763 120000611263 1 0.58 Дост: Dp Вид: Д N: стар фонд Дата: 01.01.1995 Книги
Изтеглен Не е изгубен Universal Decimal Classification Не е повреден без рестрикции ползва се в читалня 9346 Регионална библиотека "Любен Каравелов" Русе Регионална библиотека "Любен Каравелов" Русе Хранилище 1995-01-01 Основен фонд - ползва се само за читалня 125.00 610867 Цб 219763 610867 2 63.91 Дост: Pk Вид: Ф N: стар фонд Дата: 01.01.1995 Книги
  Не е изгубен Universal Decimal Classification Не е повреден без рестрикции заемане за дома 9347 Регионална библиотека "Любен Каравелов" Русе Регионална библиотека "Любен Каравелов" Русе Детски отдел 1995-01-01 Детски отдел 1.13 610868 ДН 821.09/Я 54 120000610868 3 0.58 Дост: Pk Вид: Ф N: стар фонд Дата: 01.01.1995 Дата инв: 05.10.2015 Бележки инв: Д2015 Книги
  Не е изгубен Universal Decimal Classification Не е повреден без рестрикции заемане за дома 9348 Регионална библиотека "Любен Каравелов" Русе Регионална библиотека "Любен Каравелов" Русе Детски отдел 1995-01-01 Детски отдел 1.13 610869 ДН 821.09/Я 54 120000610869 4 0.58 Дост: Pk Вид: Ф N: стар фонд Дата: 01.01.1995 Дата инв: 05.10.2015 Бележки инв: Д2015 Книги
Изтеглен Не е изгубен Universal Decimal Classification Не е повреден без рестрикции заемане за дома 9349 Регионална библиотека "Любен Каравелов" Русе Регионална библиотека "Любен Каравелов" Русе Детски отдел 1995-01-01 Детски отдел 1.12 610870 ДН 820/899/Я 54 610870 5 0.57 Дост: Pk Вид: Ф N: стар фонд Дата: 01.01.1995 Дата инв: 02.10.2015 Бележки инв: Д2015 Книги
Изтеглен Не е изгубен Universal Decimal Classification Не е повреден без рестрикции заемане за дома 9350 Регионална библиотека "Любен Каравелов" Русе Регионална библиотека "Любен Каравелов" Русе Детски отдел 1995-01-01 Детски отдел 1.12 610871 ДН 820/899/Я 54 610871 6 0.57 Дост: Pk Вид: Ф N: стар фонд Дата: 01.01.1995 Дата инв: 05.10.2015 Бележки инв: Д2015 Книги
Vip Innovations Ltd, Rousse, Bulgaria 2025